Štatistika cestovného ruchu v krajinách Vyšehradskej štvorky
Základná analýza potenciálu krajín Vyšehradskej štvorky (V4) z pohľadu cestovného ruchu ako jedného z faktorov, ktorý dokáže výrazne ovplyvňovať ich rozvoj a smerovanie. Politika Európskej únie a ďalších aktivít, ktorá dokážu výrazne napomôcť rozvoju cestovného ruchu v stredoeurópskom regióne.
Guardado en:
| Autor principal: | |
|---|---|
| Otros Autores: | |
| Formato: | Capítulo de libro |
| Lenguaje: | eslovaco |
| Materias: | |
| Etiquetas: |
Sin Etiquetas, Sea el primero en etiquetar este registro!
|
MARC
| LEADER | 00000naa a2200000 4500 | ||
|---|---|---|---|
| 001 | 0228619 | ||
| 005 | 20220715093951.8 | ||
| 041 | 0 | |a slo | |
| 044 | |a SK | ||
| 245 | 1 | 0 | |a Štatistika cestovného ruchu v krajinách Vyšehradskej štvorky |c Ján Kozoň, Ján Cuper |
| 520 | |a Základná analýza potenciálu krajín Vyšehradskej štvorky (V4) z pohľadu cestovného ruchu ako jedného z faktorov, ktorý dokáže výrazne ovplyvňovať ich rozvoj a smerovanie. Politika Európskej únie a ďalších aktivít, ktorá dokážu výrazne napomôcť rozvoju cestovného ruchu v stredoeurópskom regióne. | ||
| 610 | 2 | 0 | |a Vyšehradská štvorka |
| 610 | 2 | 0 | |a štatistika |
| 610 | 2 | 0 | |a ruch cestovný |
| 610 | 2 | 0 | |a ukazovatele štatistické |
| 100 | 1 | |a Kozoň, Ján | |
| 700 | 1 | |a Cuper, Ján | |